[Event "Agneaux St Lo op U1400 14th"]
[Site "Agneaux"]
[Date "2012.07.07"]
[Round "1"]
[White "Aumont, Tom"]
[Black "Lorthioir, Gwenegan"]
[Result "0-1"]
[WhiteElo "1390"]
[BlackElo "1230"]
[PlyCount "70"]
[EventDate "2012.07.07"]
[EventType "swiss"]
[EventRounds "9"]
[EventCountry "FRA"]
[SourceTitle "EXT 2013"]
[Source "ChessBase"]
[SourceDate "2012.11.22"]
[SourceVersion "1"]
[SourceVersionDate "2012.11.22"]
[SourceQuality "1"]

1. d4 d5 2. c4 Nf6 3. cxd5 Nxd5 4. e4 Nb6 5. Nf3 Nc6 6. Nc3 Bg4 7. Be3 e6 8. Be2 Bb4 9. 0-0 0-0 10. h3 Bxf3 11. Bxf3 Bxc3 12. bxc3 Nc4 13. Re1 Nb2 14. Qc2 Nc4 15. Be2 Nxe3 16. fxe3 Qf6 17. Rf1 Qg5 18. Rf3 Ne7 19. Qd2 Ng6 20. Rb1 Nh4 21. Rf2 Rab8 22. Bf3 Qg3 23. e5 Qg6 24. Rxb7 Rxb7 25. Bxb7 Qb1+ 26. Kh2 Qxb7 27. Rf4 Ng6 28. Rg4 Qb1 29. d5 Qf5 30. Qd4 exd5 31. Qxd5 Nxe5 32. Rf4 Qg5 33. Qc5 Qh5 34. g4 Nxg4+ 35. Rxg4 Qxc5 0-1